| 000 | 00689nam a22001217a 4500 | ||
|---|---|---|---|
| 040 | _cRUA | ||
| 082 | _aVEM SAM 2023 B1-530 Or. | ||
| 100 | _aSAM ANGI,ស៊ឹម អេនជី | ||
| 245 | _aTHE ANTIBODY TITER OF NEWCASTLE DISEASE OF CHICKENS AT THE VETERINARY EXPERIMENTAL STATION OF THE ROYAL UNIVERSITY OF AGRICULTURE,កម្រិតអង់ទីករនៃជំងឺញូវកាសលើមាន់នៅស្ថានីយពិសោធន៍វេជ្ជសាស្រ្តសត្វនៃសាកលវិទ្យាល័យភូមិន្ទកសិកម្ម | ||
| 260 |
_aphnom penh _brua _c2023 |
||
| 300 |
_aviii.34p. _bill. _c29cm. |
||
| 942 | _cVEM | ||
| 999 |
_c23036 _d23036 |
||